[Event "AUTO-OPEN-3438"]
[Site "http://www.queenalice.com/game.php?id=1342660"]
[Date "2015.2.19"]
[Round "1"]
[White "ALDROB"]
[Black "robastos"]
[Result "1-0"]
[WhiteElo "1813"]
[BlackElo "1436"]

1. b4 e5 2. Bb2 Bd6 3. a3 e4 4. Bxg7 f6 5. Bxh8 Be5 6. c3 Qe7 7. d4 Bd6 8. e3
Qf7 9. Nd2 Qg6 10. Nc4 Ne7 11. Nxd6+ cxd6 12. Ne2 h5 13. Nf4 Qh6 14. Qxh5+ Qxh5
15. Nxh5 f5 16. Nf6+ Kf7 17. Bc4+ d5 18. Nxd5 Nxd5 19. Bxd5+ Ke7 20. O-O d6 21.
f3 Be6 22. fxe4 Nd7 23. Bxb7 Rxh8 24. exf5 Bf7 25. d5 1-0

[Event "AUTO-OPEN-3438"]
[Site "http://www.queenalice.com/game.php?id=1342661"]
[Date "2015.2.19"]
[Round "1"]
[White "robastos"]
[Black "ALDROB"]
[Result "0-1"]
[WhiteElo "1434"]
[BlackElo "1758"]

1. e4 c5 2. Nf3 d6 3. Be2 Nc6 4. d4 cxd4 5. Nxd4 Bd7 6. Be3 Nf6 7. Nc3 e5 8. Nf5
Bxf5 9. exf5 Be7 10. Bb5 O-O 11. O-O Qd7 12. Qf3 Rac8 13. Ne4 a6 14. Bd3 Nb4 15.
a3 Nxc2 16. Bxc2 Rxc2 17. Qg3 Nxe4 18. Qg4 Nf6 19. Qg3 Qxf5 20. h3 Ne4 21. Qf3
Qxf3 22. gxf3 Nc5 23. b4 Nb3 24. Rad1 f5 25. Rd3 Nd4 0-1

[Event "AUTO-OPEN-3438"]
[Site "http://www.queenalice.com/game.php?id=1342684"]
[Date "2015.2.19"]
[Round "1"]
[White "robastos"]
[Black "rich"]
[Result "0-1"]
[WhiteElo "1383"]
[BlackElo "1992"]

1. e4 c5 2. Bc4 Nc6 3. Qf3 Nf6 4. d3 Ne5 5. Qf5 d6 6. Qf4 Nxc4 7. dxc4 g6 8. e5
dxe5 9. Qxe5 Qb6 10. Nc3 Be6 0-1

[Event "AUTO-OPEN-3438"]
[Site "http://www.queenalice.com/game.php?id=1342685"]
[Date "2015.2.19"]
[Round "1"]
[White "rich"]
[Black "robastos"]
[Result "1-0"]
[WhiteElo "1990"]
[BlackElo "1385"]

1. e4 e5 2. Nf3 Nc6 3. d4 Nf6 4. Nc3 d6 5. Bb5 a6 6. Bxc6+ bxc6 7. dxe5 Ng4 8.
Bg5 Be7 9. Bxe7 Qxe7 10. exd6 cxd6 11. O-O 1-0

[Event "AUTO-INT-2962"]
[Site "http://www.queenalice.com/game.php?id=1343231"]
[Date "2015.2.22"]
[Round "1"]
[White "jeffcom2f"]
[Black "robastos"]
[Result "0-1"]
[WhiteElo "1607"]
[BlackElo "1436"]

1. e4 e5 2. Nf3 Nc6 3. d4 d5 4. exd5 Qxd5 5. Be2 e4 6. Ne5 Nxe5 7. dxe5 Qxe5 8.
Nc3 Bb4 9. Bd2 Nf6 10. O-O h5 11. a3 Bc5 12. Kh1 Ng4 13. Be3 Qxh2# 0-1

[Event "AUTO-INT-2962"]
[Site "http://www.queenalice.com/game.php?id=1343232"]
[Date "2015.2.22"]
[Round "1"]
[White "robastos"]
[Black "jeffcom2f"]
[Result "0-1"]
[WhiteElo "1395"]
[BlackElo "1552"]

1. e4 e5 2. Nf3 Nf6 3. Nc3 d6 4. d4 Bg4 5. d5 Nbd7 6. h3 Bh5 7. Be2 Be7 8. Ng5
Bxe2 9. Qxe2 O-O 10. Qf3 c6 11. h4 h6 12. Nh3 Qa5 13. Qf5 Qa6 14. Bd2 Bd8 15. g4
g6 16. Qf3 Kg7 17. g5 hxg5 18. Bxg5 Rh8 19. O-O-O Rc8 20. Rhg1 b5 21. Rd3 b4 22.
Ne2 Qxa2 23. Rb3 Qa6 24. Rxb4 cxd5 25. exd5 e4 26. Qe3 Nxd5 0-1

[Event "AUTO-INT-2962"]
[Site "http://www.queenalice.com/game.php?id=1343247"]
[Date "2015.2.22"]
[Round "1"]
[White "robastos"]
[Black "Kuroi"]
[Result "0-1"]
[WhiteElo "1431"]
[BlackElo "1360"]

1. e4 e5 2. Nf3 Nc6 3. d4 d5 4. Bb5 a6 5. Bxc6+ bxc6 6. exd5 e4 7. Ne5 cxd5 8.
Nc3 Nf6 9. O-O Bg4 10. Nxg4 g6 0-1

[Event "AUTO-INT-2962"]
[Site "http://www.queenalice.com/game.php?id=1343249"]
[Date "2015.2.22"]
[Round "1"]
[White "robastos"]
[Black "nuage"]
[Result "0-1"]
[WhiteElo "1459"]
[BlackElo "1568"]

1. e4 e5 2. Nf3 Nc6 3. Bb5 Bc5 4. O-O Nf6 5. d3 Ne7 6. Nxe5 O-O 7. Bc4 d5 8.
exd5 Nf5 9. Nc3 Bd4 10. Nf3 Bxc3 11. bxc3 Re8 12. Ng5 Qd6 13. d4 Nxd5 14. Qh5
Nh6 15. Bb3 Be6 16. c4 Nf6 17. Qh4 Nf5 18. Qf4 Qxd4 19. Qxd4 Nxd4 20. Re1 Bxc4
21. Rxe8+ Rxe8 22. Be3 Bxb3 23. cxb3 Nc2 24. Rc1 Nxe3 25. fxe3 h6 26. Nf3 c6 27.
Kf2 Ne4+ 28. Ke2 c5 29. Rc4 b6 30. Nh4 Kh7 31. Kd3 Nf2+ 32. Ke2 Ne4 33. Nf5 g6
34. Ng3 Nd6 35. Rf4 g5 0-1

[Event "AUTO-INT-2962"]
[Site "http://www.queenalice.com/game.php?id=1343250"]
[Date "2015.2.22"]
[Round "1"]
[White "nuage"]
[Black "robastos"]
[Result "1-0"]
[WhiteElo "1580"]
[BlackElo "1447"]

1. Nf3 d5 2. d3 h6 3. g3 d4 4. Bg2 Nc6 5. O-O e5 6. Nbd2 Be6 7. c4 Be7 8. Qa4
Bd7 9. Qb5 Nb4 10. Qxb7 Bc6 11. Qxa8 Qxa8 12. e4 Nxd3 13. a3 Nc5 14. Nxe5 Bb7
15. b4 Nxe4 16. Nxe4 Bxe4 17. f3 Bb7 18. c5 Bf6 19. Nc4 Ne7 20. Na5 d3 21. Rb1
Bc3 22. Nxb7 Qxb7 23. f4 Qb5 24. Rd1 O-O 25. Be3 Nf5 26. Bf2 d2 27. Bh3 g6 28.
Rb3 Qe2 29. Rbb1 Ne3 30. Bf1 Nxf1 31. Rxf1 Rd8 32. Rbd1 h5 33. c6 h4 34. g4 1-0

[Event "Challenge"]
[Site "http://www.queenalice.com/game.php?id=1343296"]
[Date "2015.2.22"]
[Round "-"]
[White "kuborn"]
[Black "robastos"]
[Result "1-0"]
[WhiteElo "1248"]
[BlackElo "1459"]

1. e4 e5 2. Nc3 Bb4 3. Nd5 Bc5 4. b4 c6 5. Qg4 g6 6. bxc5 cxd5 7. exd5 d6 8.
Qa4+ Bd7 9. Bb5 dxc5 10. Ba3 Qe7 11. Nf3 e4 12. O-O Qd6 13. Nd4 Qxd5 14. Rae1
Nf6 15. Nf3 O-O 16. Bxd7 Nbxd7 17. c4 Qd6 18. Ng5 Ng4 19. g3 Nb6 20. Qc2 Qd3 21.
Qxd3 exd3 22. Bxc5 Nxc4 23. Bxf8 Nxd2 24. Bb4 Nxf1 25. Rxf1 Re8 26. Bd2 Re2 27.
Nf3 Kg7 28. h3 Nf6 29. Kg2 Ne4 30. Be3 a5 31. Rd1 Rxa2 32. Rxd3 b5 33. Rd4 Nc3
34. Rd7 b4 35. h4 b3 36. Bd4+ Kh6 37. Bxc3 Rc2 38. Bf6 b2 39. Bxb2 Rxb2 40. Rxf7
a4 41. Ng5 Kh5 42. Rxh7+ Kg4 43. Ra7 Rb4 44. f3+ Kf5 45. g4+ Kf4 46. Ra5 Ke3 47.
Ne4 Kd4 48. Nc5 Rb2+ 49. Kg3 a3 50. Rxa3 Kxc5 51. Ra6 1-0

[Event "AUTO-OPEN-3895"]
[Site "http://www.queenalice.com/game.php?id=1512947"]
[Date "2018.1.22"]
[Round "1"]
[White "robastos"]
[Black "Spiril"]
[Result "0-1"]
[WhiteElo "1385"]
[BlackElo "2123"]

1. e4 e6 2. Nf3 d5 3. e5 c5 4. d4 Nc6 5. c3 Bd7 6. Be3 Qb6 7. Qd2 cxd4 8. Nxd4
Nxe5 9. Nb5 Bc5 10. b4 Bxe3 11. fxe3 Bxb5 12. Bxb5+ Qxb5 13. Qd4 f6 14. Kd2 Ne7
15. a4 Qc4 16. Qxc4 Nxc4+ 17. Kd3 O-O 18. e4 Ne5+ 19. Ke3 Rac8 20. Kd4 Rc4+ 21.
Ke3 Rxe4+ 22. Kf2 Rc8 23. Nd2 Ng4+ 24. Kf3 Rxc3# 0-1

[Event "AUTO-OPEN-3895"]
[Site "http://www.queenalice.com/game.php?id=1512948"]
[Date "2018.1.22"]
[Round "1"]
[White "Spiril"]
[Black "robastos"]
[Result "1-0"]
[WhiteElo "2124"]
[BlackElo "1383"]

1. Nf3 d5 2. c4 Nf6 3. g3 dxc4 4. Qc2 Be6 5. Bg2 Bd5 6. Nc3 Nc6 7. Nxd5 Qxd5 8.
O-O Nd4 9. Nxd4 Qxd4 10. Bxb7 Qe5 11. Bc6+ Kd8 12. Bxa8 Qh5 13. Qxc4 Ng4 14.
Qd5+ Qxd5 15. Bxd5 e5 16. f4 Bc5+ 17. e3 exf4 18. Rxf4 h5 19. b4 Bd6 20. Rxf7 h4
21. Bb2 hxg3 22. Bxg7 Rxh2 23. Bg2 Bxb4 24. Rb1 Ke8 25. Rxb4 Kxf7 26. Rxg4 Rh5
27. d4 Rb5 28. Bf1 Rb2 29. Rxg3 Rxa2 30. Bc4+ Ke7 31. Bxa2 1-0